I els Ensenyaments Artístics ?
Descripción Física:
104 f. : il. ; 29'5 cm
Colección:
Qüestions puntuals ; 6
Materias:
Art -- Ensenyament
MARC
| LEADER | 00000nam a2200000Ia 4500 | ||
|---|---|---|---|
| 001 | 11613 | ||
| 008 | 160829s9999 xx 000 0 cat d | ||
| 080 | |a E-1-21 | ||
| 245 | |a I els Ensenyaments Artístics ? | ||
| 260 | |a Barcelona : |b Servei d'Ensenyament. Diputació de Barcelona, abril de 1997 | ||
| 300 | |a 104 f. : |b il. ; |c 29'5 cm | ||
| 490 | |a Qüestions puntuals ; 6 | ||
| 590 | |a A la coberta: 'Us podem informar sobre: Els ensenyaments artístics' | ||
| 650 | |a Art |x Ensenyament |9 20850 | ||
| 710 | 1 | |a Barcelona (Catalunya : Província). |b Servei d'Ensenyament |9 54959 | |
| 901 | |a Arxiu | ||
| 942 | |n 1 | ||
| 952 | |0 0 |1 0 |4 0 |6 E121 |7 1 |9 41921 |a Arxiu |b Arxiu |d 2016-12-01 |l 0 |o E-1-21 |p 11613 |r 2016-12-01 00:00:00 |w 2016-12-01 |y ARXIU | ||
| 999 | |c 44368 |d 44368 | ||